| 000 | 00532nam a22001697a 4500 | ||
|---|---|---|---|
| 082 | _a004 | ||
| 100 | _aUsman, Muhammad ; Maeen, Siraj | ||
| 245 |
_aSmart Assets / _cMuhammad Usman ; Siraj Maeen |
||
| 260 |
_aIslamabad : _bSEECS - NUST, _c2011. |
||
| 300 |
_a44 p. ; _c30cm. |
||
| 563 | _ahbk | ||
| 650 | _aInformation Technology-Project Report | ||
| 700 |
_aMuhammad Bilal _915291 |
||
| 856 | _uhttp://10.250.8.41:8080/xmlui/handle/123456789/11743 | ||
| 942 |
_2ddc _cPR |
||
| 999 |
_c536155 _d536155 |
||